Reducción de costos mediante la programación por el camino crítico / (Record no. 127583)

MARC details
000 -LEADER
campo de control de longitud fija 00634nam a2200181 4500
001 - NÚMERO DE CONTROL
campo de control 127583
003 - IDENTIFICADOR DE NÚMERO DE CONTROL
campo de control ES-MaACL
005 - FECHA Y HORA DE LA ÚLTIMA TRANSACCIÓN
campo de control 20230906193036.0
007 - CAMPO FIJO DE DESCRIPCIÓN FÍSICA--INFORMACIÓN GENERAL
campo de control de longitud fija t|
008 - DATOS DE LONGITUD FIJA--INFORMACIÓN GENERAL
campo de control de longitud fija 070214s1970 sp r ||||1| spa d
100 1# - ENTRADA PRINCIPAL--NOMBRE DE PERSONA
Nombre de persona Riggs, James L.
9 (RLIN) 97205
245 10 - MENCIÓN DEL TÍTULO
Título Reducción de costos mediante la programación por el camino crítico /
Mención de responsabilidad, etc. James L. Riggs, Charles D. Heath ; traducción de José Luis Baró Sharkey.
260 ## - PUBLICACIÓN, DISTRIBUCIÓN, ETC.
Lugar de publicación, distribución, etc. Barcelona :
Nombre del editor, distribuidor, etc. Ed. Hispano Europea,
Fecha de publicación, distribución, etc. 1970.
300 ## - DESCRIPCIÓN FÍSICA
Extensión 286 p. :
Otras características físicas il. ;
Dimensiones 25 cm.
700 1# - ENTRADA AGREGADA--NOMBRE PERSONAL
Nombre de persona Heath, Charles D.
9 (RLIN) 62249
700 1# - ENTRADA AGREGADA--NOMBRE PERSONAL
Nombre de persona Baró Sharkey, José Luis.
9 (RLIN) 25747
852 ## - LOCALIZACIÓN
Ubicación ES-MaACL
Número de control de estantería C-37334
Sublocalización o colección R.76456
Holdings
Estatus retirado Estado de pérdida Estado de daño No para préstamo Biblioteca de origen Biblioteca actual Ubicación en estantería Fecha de adquisición Fuente de adquisición Total de préstamos Signatura topográfica completa Código de barras Visto por última vez Precio de reemplazo Tipo de ítem Koha
        Biblioteca del Ateneo de Madrid Biblioteca del Ateneo de Madrid Depósito 2 17/01/2008     C-37334 1132882 23/02/2023 23/02/2023 Libro impreso